000 00327nam a22001457a 4500
008 210607b ||||| |||| 00| 0 eng d
020 _a9780766835672
041 _aeng
080 _28th
_a612.39
082 _a612.39
100 _a10
101 _aNUT
245 _aNutrition & Diet Therapy
_cRuth A. Roth
942 _2udc
_cBK
999 _c58032
_d58032